| 000 | 00547nam a2200193Ia 4500 | ||
|---|---|---|---|
| 005 | 20250423095722.0 | ||
| 008 | 250422s9999 xx 000 0 und d | ||
| 020 | _a100136061699 | ||
| 050 | _aT 58.6 .T87/ | ||
| 100 | _aTurban Efraim ... [et al.] | ||
| 245 | 0 | _aInformation technology for management : digital strategies for insight, action, and sustainable performance | |
| 250 | _a10th ed. | ||
| 260 | _aHoboken, NJ | ||
| 260 | _bWiley | ||
| 260 | _c2015 | ||
| 300 | _a460 p | ||
| 650 | _aManagement information systems. | ||
| 942 | _cBK | ||
| 999 |
_c31125 _d31125 |
||